ARRUPE JESUIT UNIVERSITY

CORONAVIRUS -STOP THE SPREAD - CLEAN,DISINFECT,COVER

Une Poesie des discours (Record no. 123769)

MARC details
000 -LEADER
fixed length control field 00483nam a22001457a 4500
008 - FIXED-LENGTH DATA ELEMENTS--GENERAL INFORMATION
fixed length control field 151109b xxu||||| |||| 00| 0 eng d
050 ## - LIBRARY OF CONGRESS CALL NUMBER
Classification number PQ2637.A783Z78
100 ## - MAIN ENTRY--PERSONAL NAME
Personal name Newman, Anthony S.
9 (RLIN) 21021
245 ## - TITLE STATEMENT
Title Une Poesie des discours
Statement of responsibility, etc /by Anthony S. Newman
260 ## - PUBLICATION, DISTRIBUTION, ETC. (IMPRINT)
Place of publication, distribution, etc Geneve
Name of publisher, distributor, etc Librairie droz
Date of publication, distribution, etc 1976
300 ## - PHYSICAL DESCRIPTION
Extent 200p. ;
Dimensions 23cm.
440 ## - SERIES STATEMENT/ADDED ENTRY--TITLE
Title Histoire des idees et critique litteraire
Volume number/sequential designation Vol. 159
9 (RLIN) 21022
650 ## - SUBJECT ADDED ENTRY--TOPICAL TERM
Topical term or geographic name as entry element Sarraute, Nathalie
General subdivision Technique
9 (RLIN) 21023
942 ## - ADDED ENTRY ELEMENTS (KOHA)
Source of classification or shelving scheme Library of Congress Classification
Item type Monograph ( Printed materials)
Holdings
Withdrawn status Lost status Source of classification or shelving scheme Damaged status Not for loan Collection code Home library Current library Shelving location Date acquired Total Checkouts Full call number Barcode Date last seen Price effective from Koha item type
    Library of Congress Classification     Main Collection ARRUPE LIBRARY ARRUPE LIBRARY Main Collection 09/11/2015   PQ2637.A783Z78 46500005623 26/03/2019 09/11/2015 Monograph ( Printed materials)

 

Arrupe Library. PO Box MP320 Mt Pleasant, Harare, Zimbabwe
263 242 745411|librarian@aju.ac.zw